Estadísticas para Capitales más cercanas a Islamabad

Haz click aquí para intentar la prueba.

Estadísticas generales

  • Esta prueba ha sido intentada 16 veces
  • La puntuación promedio es 15 de 20

Estadísticas de respuestas

kmcapital% Correcto
1346Katmandú
100%
689Nueva Delhi
100%
2013Daca
94%
370Kabul
94%
1990Teherán
94%
1945Astaná
75%
2652Bagdad
75%
2184Bakú
75%
911Taskent
75%
2279Doha
69%
2625Ereván
69%
2422Kuwait
69%
1727Timbu
69%
2083Abu Dhabi
63%
1030Biskek
63%
660Dusambé
63%
2314Manama
63%
2627Tiflis
63%
1404Asjabad
56%
1816Mascate
56%

Distribución de puntuación

Porcentaje por número respondido

Porcentaje de gente con cada puntuación

Historial de tus puntuaciones

No has intentado esta prueba.